| 000 | 01439nam a2200349 a 4500 | ||
|---|---|---|---|
| 001 | 000048256 | ||
| 003 | DO-SdBNP | ||
| 005 | 20240925170434.0 | ||
| 008 | 181210s2016 dr ac r 000 0 spa d | ||
| 020 | _a9789945462906 | ||
| 040 |
_aDO-SdBNP _bspa _cBNPHU |
||
| 082 |
_a972.93054 _bR788r, 2016 |
||
| 100 | 1 |
_aRosa, Jesús de la, _d1936- _933449 |
|
| 245 | 1 | 3 |
_aLa revolución de abril 1965 / _cJesús de la Rosa ; prólogo. Franklin J. Franco. |
| 250 | _a2ª ed | ||
| 260 |
_aSanto Domingo : _bCPEP, _c2016. |
||
| 300 |
_a378 p. : _bil., retrs. ; _c23 cm. |
||
| 490 | 1 |
_a50 aniversario de la Guerra de Abril 1965 _v14 |
|
| 490 | 1 | _a50 aniversario de la Gesta Patriotica de Abril de 1965 | |
| 500 | _aIncluye referencias bibliográficas y notas al pie de las páginas | ||
| 500 | _aIncluye datos biográficos del autor en la solapa de la cubierta | ||
| 504 | _aBibliografía : p. 375-378 | ||
| 590 | _aInventariado, 2019/LP | ||
| 651 | 4 |
_aRepública Dominicana _xHistoria _yRevolución, 1965 _975690 |
|
| 651 | 4 |
_aRepública Dominicana _xHistoria _yGolpe de estado, 1963 _934712 |
|
| 700 | 1 |
_aFranco, Franklin J., _epról. _919014 |
|
| 710 | 1 |
_aRepública Dominicana _bComisión Permanente de Efemérides Patria _945309 |
|
| 830 | 0 |
_a50 aniversario Guerra de abril 1965 _n14 _975691 |
|
| 830 | 0 |
_a50 aniversario de la Gesta Patriotica de Abril de 1965 _975692 |
|
| 910 | _aValidado. Control de calidad MFF | ||
| 942 |
_2ddc _cLBS1 |
||
| 999 |
_c47744 _d47744 |
||